| 000 | 00353nam a2200133Ia 4500 | ||
|---|---|---|---|
| 008 | 240624s9999 xx 000 0 und d | ||
| 041 | _aeng | ||
| 082 | _a650.14 BAL | ||
| 100 | _aBALLBACK JANE | ||
| 245 | _aMANAGING YOUR CAREER IN A CHANGING WORKP | ||
| 260 |
_c1998 _aNew Delhi _bWheeler Publishing |
||
| 300 | _a123 : p. : cm. ; 23 | ||
| 365 |
_cRS _b30 |
||
| 999 |
_c13696 _d13696 |
||